000 00235nam a2200097Ia 4500
001 712175
005 20250826162822.0
008 250824s9999 xx 000 0 und d
245 0 _aÖNEMLİ NOT!
_cORHAN KEMAL
260 _bEVEREST YAYINLARI
999 _c712175
_d712175